[Event "31è Open International d'Avoine 2016"]
[Site "Avoine"]
[Date "2016.07.23"]
[Round "4.39"]
[White "Gely, Yann"]
[Black "Merenciano, Alexandre"]
[Result "1-0"]
[WhiteElo "1832"]
[BlackElo "2189"]
[PlyCount "141"]
[EventDate "2016.??.??"]

1. e4 e6 2. d4 d5 3. exd5 exd5 4. Nf3 Bd6 5. c4 Nf6 6. Be2 dxc4 7. O-O O-O 8.
h3 b5 9. a4 c6 10. Bg5 Nbd7 11. Nc3 Qb6 12. d5 b4 13. dxc6 Qxc6 14. Nb5 Be5 15.
Rc1 c3 16. bxc3 Bxc3 17. Nfd4 Qc5 18. Bf3 Rb8 19. Bf4 Rb6 20. Ne2 Qf5 21. Bd6
Re8 22. Bc7 Rxb5 23. axb5 Ne4 24. Bxe4 Qxe4 25. Nxc3 bxc3 26. Re1 Qxe1+ 27.
Qxe1 Rxe1+ 28. Rxe1 Nf6 29. Be5 Bd7 30. Bxc3 Bxb5 31. Bxf6 gxf6 32. Rd1 Kg7 33.
f4 a6 34. Kf2 f5 35. Rd5 Kg6 36. Rd6+ f6 37. g4 h6 38. Kg3 Bc4 39. Kh4 Kf7 40.
gxf5 Ke7 41. Rd4 Bb3 42. Rb4 Bc2 43. Rb7+ Kf8 44. Rb6 Kg7 45. Rxa6 Bxf5 46. Ra5
Kg6 47. Ra1 Bd3 48. Ra3 Be4 49. Kg4 Bf5+ 50. Kg3 Be6 51. Ra5 Bd7 52. h4 h5 53.
Kf3 Bf5 54. Ke3 Bc2 55. Rb5 Bf5 56. Kd4 Bc2 57. Kc4 Be4 58. Rc5 Bf3 59. Kb5 Kf7
60. Kb6 Ke6 61. Kc7 Ke7 62. Rc3 Bg4 63. Re3+ Kf7 64. Kd6 Kg6 65. Re4 Kf5 66.
Rb4 Bf3 67. Ke7 Kg4 68. Kxf6 Kxh4 69. f5+ Bg4 70. Ke7 Kg3 71. f6 1-0

[Event "31è Open International d'Avoine 2016"]
[Site "Avoine"]
[Date "2016.07.23"]
[Round "4.40"]
[White "Podvin, Francois-Xavier"]
[Black "Nguyen-Cadoret, Nathan"]
[Result "1-0"]
[WhiteElo "2165"]
[BlackElo "1827"]
[PlyCount "77"]
[EventDate "2016.??.??"]

1. e4 e5 2. Nf3 Nc6 3. Bc4 Bc5 4. c3 Nf6 5. d3 a6 6. O-O d6 7. Nbd2 O-O 8. h3
h6 9. Re1 Ba7 10. Nf1 Na5 11. Bb3 Nxb3 12. axb3 Re8 13. Ng3 Qe7 14. Nh4 d5 15.
Nhf5 Bxf5 16. Nxf5 Qe6 17. Qf3 dxe4 18. dxe4 Nd7 19. Qg4 Qg6 20. Nxh6+ gxh6 21.
Qxd7 Kh7 22. Be3 Rg8 23. g3 Bxe3 24. Rxe3 Rae8 25. Rf3 Kg7 26. Qd5 f6 27. Qxb7
Qh5 28. Kg2 Rgf8 29. Rxa6 Qf7 30. b4 Rb8 31. Qc6 Rbd8 32. Ra7 Rd7 33. Rxf6 Qxf6
34. Qxd7+ Kh8 35. Qd2 Qf3+ 36. Kg1 Qxe4 37. Qxh6+ Kg8 38. Qg5+ Kh8 39. Qh4+ 1-0

[Event "31è Open International d'Avoine 2016"]
[Site "Avoine"]
[Date "2016.07.23"]
[Round "4.41"]
[White "Pascot, Jean"]
[Black "Malassagne, Isabelle"]
[Result "0-1"]
[WhiteElo "1822"]
[BlackElo "2140"]
[PlyCount "44"]
[EventDate "2016.??.??"]

1. e4 e5 2. d4 exd4 3. c3 g6 4. Bc4 Bg7 5. Nf3 Ne7 6. O-O O-O 7. Bg5 d3 8. b4
d6 9. Qb3 a5 10. b5 Nd7 11. Bxd3 Nc5 12. Qc2 Nxd3 13. Qxd3 Re8 14. Nbd2 h6 15.
Bh4 g5 16. Bg3 Ng6 17. Rad1 Qf6 18. Nd4 Bd7 19. Nc4 Ne5 20. Bxe5 dxe5 21. Ne2
Bxb5 22. Qd5 Qa6 0-1

[Event "31è Open International d'Avoine 2016"]
[Site "Avoine"]
[Date "2016.07.23"]
[Round "4.42"]
[White "Gledel, Bernard"]
[Black "Grigorian, Roudolph"]
[Result "0-1"]
[WhiteElo "1813"]
[BlackElo "2110"]
[PlyCount "66"]
[EventDate "2016.??.??"]

1. e4 e5 2. Nf3 Nc6 3. d4 exd4 4. Bc4 Nf6 5. O-O Bc5 6. e5 d5 7. exd6 Bxd6 8.
Re1+ Be7 9. Bb5 O-O 10. Bxc6 bxc6 11. Qxd4 Qxd4 12. Nxd4 Bc5 13. Nb3 Bb6 14.
Be3 Re8 15. N1d2 Bf5 16. c3 Nd5 17. Bd4 Nf4 18. Rxe8+ Rxe8 19. Nc5 Ne2+ 20. Kh1
Nxd4 21. cxd4 Re2 22. Ncb3 Be6 23. Kg1 Bxb3 24. Nxb3 Rxb2 25. g3 a5 26. Kg2 a4
27. Nc5 Rd2 28. Ne4 Rxd4 29. Nc3 a3 30. Rd1 Rd6 31. f4 Ba5 32. Rc1 Rd2+ 33. Kf3
Rd3+ 0-1

[Event "31è Open International d'Avoine 2016"]
[Site "Avoine"]
[Date "2016.07.23"]
[Round "4.43"]
[White "Lebret, Jean-Michel"]
[Black "Budak, Rezan"]
[Result "1-0"]
[WhiteElo "2110"]
[BlackElo "1808"]
[PlyCount "53"]
[EventDate "2016.??.??"]

1. e4 c5 2. Nc3 e6 3. g3 Nc6 4. Bg2 Nf6 5. d3 d5 6. exd5 exd5 7. Bg5 Be7 8.
Nge2 Be6 9. Nf4 O-O 10. O-O d4 11. Bxf6 dxc3 12. Nxe6 fxe6 13. Bxc3 Bf6 14.
Bxf6 Qxf6 15. c3 e5 16. Qb3+ Kh8 17. Qxb7 Ne7 18. Qxa8 Rxa8 19. Bxa8 g6 20.
Rae1 Nf5 21. Re2 Qa6 22. Rxe5 Qxd3 23. Rfe1 Qb5 24. b4 Qa4 25. Rxc5 Qxa2 26.
Rc7 Qg8 27. Bc6 1-0

[Event "31è Open International d'Avoine 2016"]
[Site "Avoine"]
[Date "2016.07.23"]
[Round "4.44"]
[White "Vervelle, Sebastien"]
[Black "Goettelmann, Guillaume"]
[Result "0-1"]
[WhiteElo "1796"]
[BlackElo "2103"]
[PlyCount "104"]
[EventDate "2016.??.??"]

1. e4 e6 2. d3 d5 3. Nd2 c5 4. Ngf3 Nc6 5. g3 Nf6 6. Bg2 Be7 7. O-O b5 8. e5
Nd7 9. Re1 Qc7 10. Nf1 Ndxe5 11. Nxe5 Nxe5 12. Bf4 f6 13. Bxe5 fxe5 14. Qh5+ g6
15. Qxe5 Qxe5 16. Rxe5 Bf6 17. Re2 Kf7 18. Ne3 Rb8 19. c3 h5 20. f4 Rd8 21. Nc2
b4 22. cxb4 Bxb2 23. Rb1 Bc3 24. b5 Bd7 25. a4 a6 26. Rb3 Ba5 27. Na3 Bb4 28.
Bh3 Re8 29. Reb2 axb5 30. Nxb5 Bxb5 31. axb5 Rxb5 32. d4 Reb8 33. Re3 R5b6 34.
Kf1 cxd4 35. Reb3 Ke7 36. Ke2 Kd6 37. Kd3 R8b7 38. Re2 Kc5 39. Rc2+ Bc3 40.
Rxb6 Rxb6 41. Re2 Rb3 42. Rc2 Kd6 43. Ra2 Bb4+ 44. Kc2 Rc3+ 45. Kd1 d3 46. Rb2
Kc5 47. Bxe6 Ra3 48. Rb1 Ra2 49. Bxd5 Re2 50. Rxb4 Kxb4 51. Bf7 Rxh2 52. Bxg6
Kc3 0-1

[Event "31è Open International d'Avoine 2016"]
[Site "Avoine"]
[Date "2016.07.23"]
[Round "4.45"]
[White "Daeschler, Florian"]
[Black "Thorel, Gregoire"]
[Result "1-0"]
[WhiteElo "2099"]
[BlackElo "1793"]
[PlyCount "87"]
[EventDate "2016.??.??"]

1. c4 g6 2. Nf3 Nc6 3. g3 Bg7 4. Bg2 f5 5. d4 d6 6. O-O Nf6 7. Nc3 O-O 8. d5
Nb8 9. Nd4 Re8 10. e4 c5 11. dxc6 Nxc6 12. Nxc6 bxc6 13. e5 Ne4 14. Nxe4 fxe4
15. Bxe4 Qc7 16. exd6 exd6 17. Qc2 Rb8 18. a3 Qb6 19. Ra2 Bh3 20. Bg2 Bf5 21.
Qd1 Bd4 22. b4 c5 23. b5 Be4 24. Bb2 Qb7 25. Bxe4 Rxe4 26. Bxd4 Rxd4 27. Rd2
Rxd2 28. Qxd2 Rd8 29. Qe3 Qf7 30. Rc1 Re8 31. Qd3 Re6 32. a4 Qe7 33. Qd5 Kg7
34. Rd1 Re1+ 35. Rxe1 Qxe1+ 36. Kg2 Qb4 37. Qb7+ Kh6 38. Qf7 Qxa4 39. Qf8+ Kh5
40. Qf4 g5 41. Qf7+ Kh6 42. Qf6+ Kh5 43. g4+ Kh4 44. Qf3 1-0

[Event "31è Open International d'Avoine 2016"]
[Site "Avoine"]
[Date "2016.07.23"]
[Round "4.46"]
[White "Grall, Alba"]
[Black "Viers, Emmanuel"]
[Result "0-1"]
[WhiteElo "1784"]
[BlackElo "2095"]
[PlyCount "104"]
[EventDate "2016.??.??"]

1. e4 c5 2. Nf3 Nc6 3. Bb5 e5 4. Bxc6 bxc6 5. d3 d6 6. h3 Be7 7. Na3 f5 8. Bd2
Nf6 9. Qe2 O-O 10. O-O Qe8 11. Nh2 fxe4 12. dxe4 Qg6 13. Qd3 Qxe4 14. Qb3+ Qd5
15. Bg5 Qxb3 16. axb3 Bf5 17. Nf3 h6 18. Be3 Nd5 19. Rfe1 Bf6 20. Nc4 Rfd8 21.
c3 Nxe3 22. Nxe3 Be6 23. Ra6 Bxb3 24. Rxc6 Ba4 25. Ra6 Bb5 26. Ra5 a6 27. Nd5
Bc6 28. Rd1 Kf7 29. Ne1 Bxd5 30. Rxd5 Ke6 31. c4 e4 32. Ra3 Rdb8 33. Re3 Rxb2
34. Rxe4+ Kd7 35. Nd3 Rb1+ 36. Kh2 Kc7 37. Re6 Rb6 38. Re2 a5 39. Nf4 a4 40.
Rdd2 Kd7 41. Nd5 Rb3 42. Ra2 a3 43. Re3 Rxe3 44. Nxe3 Bb2 45. Kg3 Ke6 46. Nd1
Rb8 47. Kf3 Ke5 48. Ke3 Rb3+ 49. Kd2 Kd4 50. Ne3 Rxe3 51. fxe3+ Kxc4 52. Kc2
Kd5 0-1

[Event "31è Open International d'Avoine 2016"]
[Site "Avoine"]
[Date "2016.07.23"]
[Round "4.47"]
[White "Daubert, Cedric"]
[Black "Bressy, Theo"]
[Result "0-1"]
[WhiteElo "1776"]
[BlackElo "2092"]
[PlyCount "70"]
[EventDate "2016.??.??"]

1. e4 g6 2. d4 Bg7 3. Bc4 d6 4. c3 Nf6 5. Qc2 O-O 6. f4 e5 7. Nf3 exf4 8. O-O
Nh5 9. Qf2 Qe7 10. Nbd2 Kh8 11. b3 g5 12. e5 dxe5 13. Nxe5 f6 14. Nef3 g4 15.
Qh4 Qe3+ 16. Kh1 gxf3 17. Rxf3 Qe8 18. Ba3 Qg6 19. Bxf8 Bxf8 20. Bd3 Qg5 21.
Qe1 Bg4 22. Qe8 Qg7 23. Re1 c6 24. Rh3 Nd7 25. Qxa8 Bxh3 26. gxh3 Ng3+ 27. hxg3
Qxg3 28. Rf1 Qxd3 29. Qxb7 Qxh3+ 30. Kg1 Ne5 31. Rf2 Qg3+ 32. Rg2 Qe3+ 33. Rf2
Ng4 34. Ne4 Qxe4 35. Qc8 Qe1+ 0-1

[Event "31è Open International d'Avoine 2016"]
[Site "Avoine"]
[Date "2016.07.23"]
[Round "4.48"]
[White "Cau, Benjamin"]
[Black "Lebret, Loriane"]
[Result "1/2-1/2"]
[WhiteElo "2092"]
[BlackElo "1768"]
[PlyCount "84"]
[EventDate "2016.??.??"]

1. e4 g6 2. d4 Bg7 3. Nc3 c6 4. Nf3 d5 5. exd5 cxd5 6. Ne5 Nf6 7. Be2 O-O 8.
Be3 Nc6 9. f4 Bf5 10. Bf3 Qa5 11. O-O Rad8 12. Qd2 Qc7 13. Qe2 Nxe5 14. dxe5
Ne4 15. Bxe4 Bxe4 16. Nxe4 dxe4 17. Rad1 f6 18. exf6 exf6 19. f5 Rxd1 20. Qxd1
Qa5 21. Qd7 Qxa2 22. Qxb7 gxf5 23. Rc1 f4 24. Bxf4 f5 25. b3 Qa5 26. c4 Qb6+
27. Qxb6 axb6 28. Be3 Rf6 29. g3 h5 30. b4 Bf8 31. c5 bxc5 32. Bxc5 Rc6 33. Kf2
Kf7 34. Rc2 Bxc5+ 35. bxc5 Ke6 36. Ke3 Ke5 37. Rc1 h4 38. Rc2 hxg3 39. hxg3 Kd5
40. Rd2+ Kxc5 41. g4 fxg4 42. Kxe4 g3 1/2-1/2

[Event "31è Open International d'Avoine 2016"]
[Site "Avoine"]
[Date "2016.07.23"]
[Round "4.49"]
[White "Patarin, Arnaud"]
[Black "Varlet, Nicolas"]
[Result "1-0"]
[WhiteElo "1775"]
[BlackElo "2088"]
[PlyCount "85"]
[EventDate "2016.??.??"]

1. c4 Nf6 2. g3 g6 3. b3 Bg7 4. Bb2 O-O 5. Bg2 c5 6. Nf3 Nc6 7. O-O d6 8. d3
Bd7 9. Nc3 a6 10. a3 Ne8 11. Qc2 Rb8 12. Nd5 Nd4 13. Nxd4 cxd4 14. e4 f5 15.
Nf4 Nc7 16. Ne2 e5 17. f4 Bc6 18. Rab1 Qd7 19. h3 Rbe8 20. Kh2 b6 21. fxe5 dxe5
22. Ng1 Ne6 23. b4 Kh8 24. exf5 gxf5 25. Rbe1 a5 26. Bxc6 Qxc6 27. Qe2 axb4 28.
axb4 Qd6 29. Ba3 Ra8 30. Ra1 e4 31. Rfd1 Qe5 32. b5 Rf7 33. Bd6 Qxd6 34. Rxa8+
Bf8 35. dxe4 f4 36. e5 fxg3+ 37. Kxg3 Rg7+ 38. Kh2 Qe7 39. Rf1 Rg8 40. Qf3 Ng5
41. Qf6+ Qxf6 42. Rxf6 Kg7 43. Ra6 1-0

[Event "31è Open International d'Avoine 2016"]
[Site "Avoine"]
[Date "2016.07.23"]
[Round "4.50"]
[White "Boulnois, Boris"]
[Black "Hoffmann, Roger"]
[Result "0-1"]
[WhiteElo "1754"]
[BlackElo "2084"]
[PlyCount "92"]
[EventDate "2016.??.??"]

1. e4 d6 2. d4 Nf6 3. Nc3 g6 4. f3 Bg7 5. Be3 a6 6. Qd2 h6 7. Nge2 Nbd7 8. g4
b5 9. a4 b4 10. Nd1 a5 11. b3 c5 12. Nb2 Ba6 13. Ng3 cxd4 14. Bxd4 Bxf1 15.
Rxf1 O-O 16. O-O-O Rc8 17. Kb1 Nb6 18. g5 hxg5 19. Qxg5 Qc7 20. Rf2 e5 21. Bxb6
Qxb6 22. Rfd2 Nh7 23. Qg4 d5 24. exd5 f5 25. Nc4 Qf6 26. Qh3 e4 27. Rd4 Ng5 28.
Qh4 Nxf3 29. Qxf6 Bxf6 30. R4d2 Nxd2+ 31. Rxd2 Rfd8 32. d6 Rc6 33. Rd5 Rd7 34.
Rxa5 Rdxd6 35. Nxd6 Rxd6 36. Kc1 Bg5+ 37. Kb2 Bf6+ 38. Kc1 Bc3 39. Rb5 e3 40.
a5 f4 41. Rb8+ Kg7 42. Rb7+ Kh6 43. Nf5+ gxf5 44. Rb6 Rxb6 45. axb6 f3 46. b7
e2 0-1

[Event "31è Open International d'Avoine 2016"]
[Site "Avoine"]
[Date "2016.07.23"]
[Round "5.1"]
[White "Fedorchuk, Sergey A"]
[Black "Maiorov, Nikita"]
[Result "1-0"]
[WhiteElo "2624"]
[BlackElo "2541"]
[PlyCount "100"]
[EventDate "2016.??.??"]

1. e4 d6 2. d4 Nf6 3. Nc3 g6 4. Be3 c6 5. h3 Nbd7 6. Nf3 Qc7 7. a4 Bg7 8. Bc4
O-O 9. Ba2 b6 10. O-O Bb7 11. Re1 Rad8 12. Qd2 a6 13. Bg5 e5 14. Rad1 b5 15.
axb5 axb5 16. b4 Qb8 17. d5 Nb6 18. Qe3 Ba8 19. dxc6 Bxc6 20. Nh2 Rd7 21. Bxf6
Bxf6 22. Nd5 Bxd5 23. Bxd5 Rc8 24. Bb3 Nc4 25. Qe2 Kg7 26. Rd5 Ra7 27. Red1 Be7
28. g3 Na3 29. Ng4 Nc4 30. h4 Rac7 31. Kg2 Qb6 32. h5 f5 33. exf5 gxf5 34. Bxc4
bxc4 35. Ne3 Rf8 36. b5 f4 37. Qg4+ Kh8 38. Nf5 Rg8 39. Qf3 fxg3 40. fxg3 Rf8
41. Qe4 Qb7 42. Kh3 Rf7 43. Qg4 Rc8 44. Nxe7 Rxe7 45. Rxd6 Rg8 46. Rd8 Reg7 47.
Rxg8+ Rxg8 48. Qe6 Qg7 49. g4 Qg5 50. Re1 Rd8 1-0

[Event "31è Open International d'Avoine 2016"]
[Site "Avoine"]
[Date "2016.07.23"]
[Round "5.2"]
[White "Inkiov, Ventzislav"]
[Black "Migot, Tangi"]
[Result "1/2-1/2"]
[WhiteElo "2467"]
[BlackElo "2381"]
[PlyCount "129"]
[EventDate "2016.??.??"]

1. e4 e5 2. Nf3 Nc6 3. Bc4 Nf6 4. d3 Be7 5. O-O O-O 6. a4 d5 7. exd5 Nxd5 8.
Re1 Bg4 9. h3 Bxf3 10. Qxf3 Nb6 11. Nd2 Nxc4 12. Nxc4 f6 13. c3 a5 14. Qg3 Kh8
15. f4 Bc5+ 16. Kh2 Qd7 17. Be3 Bxe3 18. Rxe3 exf4 19. Qxf4 Rae8 20. Rae1 Rxe3
21. Qxe3 Kg8 22. d4 b6 23. Qe6+ Qxe6 24. Rxe6 Nd8 25. Re2 Kf7 26. d5 Nb7 27.
Re6 Rd8 28. Rc6 Rd7 29. d6 Nxd6 30. Nxd6+ Rxd6 31. Rxc7+ Kg6 32. Rb7 f5 33. Kg3
Kf6 34. Kf3 h6 35. Ke2 g5 36. b4 axb4 37. cxb4 Ke5 38. a5 bxa5 39. bxa5 Rd5 40.
a6 Ra5 41. Rb6 h5 42. Kf3 f4 43. Rh6 g4+ 44. hxg4 Ra3+ 45. Ke2 hxg4 46. Rb6 g3
47. Rc6 Ke4 48. Rc4+ Kf5 49. Rc6 Ra2+ 50. Kf1 Ra1+ 51. Ke2 Ra2+ 52. Kf1 Ra1+
53. Ke2 Rg1 54. Rc5+ Kg4 55. Ra5 Rxg2+ 56. Kd3 Rh2 57. a7 Rh8 58. a8=Q Rxa8 59.
Rxa8 Kf3 60. Rg8 g2 61. Rg7 Kf2 62. Ke4 f3 63. Rg8 g1=Q 64. Rxg1 Kxg1 65. Kxf3
1/2-1/2

[Event "31è Open International d'Avoine 2016"]
[Site "Avoine"]
[Date "2016.07.23"]
[Round "5.3"]
[White "Burri, Quentin"]
[Black "Filip, Lucian"]
[Result "1/2-1/2"]
[WhiteElo "2294"]
[BlackElo "2440"]
[PlyCount "69"]
[EventDate "2016.??.??"]

1. e4 e6 2. d4 d5 3. Nd2 c5 4. exd5 Qxd5 5. Ngf3 cxd4 6. Bc4 Qd6 7. O-O Nf6 8.
Nb3 Nc6 9. Nbxd4 Nxd4 10. Nxd4 a6 11. Re1 Qc7 12. Bb3 Bd6 13. Nf5 Bxh2+ 14. Kh1
O-O 15. Nxg7 Rd8 16. Qf3 Kxg7 17. Bh6+ Kg6 18. c3 Nh5 19. Be3 f5 20. Qh3 Bf4
21. g4 fxg4 22. Qxg4+ Kh6 23. Bd1 Rxd1 24. Raxd1 e5 25. Bxf4+ Nxf4 26. Qh4+ Kg7
27. Rg1+ Ng6 28. Rxg6+ hxg6 29. Rd8 Qc6+ 30. Kh2 Bh3 31. Qh8+ Kf7 32. Qh7+ Kf6
33. Qh4+ Kf7 34. Qh7+ Kf6 35. Qh4+ 1/2-1/2

[Event "31è Open International d'Avoine 2016"]
[Site "Avoine"]
[Date "2016.07.23"]
[Round "5.4"]
[White "Mancini, Mario"]
[Black "Stets, Dmitry"]
[Result "0-1"]
[WhiteElo "2278"]
[BlackElo "2416"]
[PlyCount "84"]
[EventDate "2016.??.??"]

1. d4 Nf6 2. c4 g6 3. g3 Bg7 4. Bg2 O-O 5. Nc3 d6 6. Nf3 Nc6 7. O-O Bf5 8. d5
Na5 9. Nd4 Bd7 10. b3 c5 11. dxc6 bxc6 12. Bb2 Rb8 13. Qd2 c5 14. Ndb5 Nc6 15.
Rad1 a6 16. Na3 Nb4 17. Nc2 Qc8 18. Nxb4 Rxb4 19. Nd5 Nxd5 20. Bxg7 Kxg7 21.
Bxd5 Bc6 22. Qe3 Bxd5 23. Rxd5 Qe6 24. Qc3+ Qf6 25. Qxf6+ Kxf6 26. Re1 Ke6 27.
e4 f6 28. f4 Rc8 29. e5 dxe5 30. fxe5 f5 31. Re3 a5 32. a4 Rcb8 33. Rxc5 Rxb3
34. Rxb3 Rxb3 35. Rxa5 Rb4 36. h4 Rxc4 37. h5 gxh5 38. Ra6+ Kxe5 39. Rh6 h4 40.
Rxh7 hxg3 41. Rxe7+ Kf4 42. a5 Kf3 0-1

[Event "31è Open International d'Avoine 2016"]
[Site "Avoine"]
[Date "2016.07.23"]
[Round "5.5"]
[White "Lerch, Patrice"]
[Black "Devallee, Jeremie"]
[Result "0-1"]
[WhiteElo "2392"]
[BlackElo "2284"]
[PlyCount "76"]
[EventDate "2016.??.??"]

1. e4 c5 2. Nc3 Nc6 3. g3 g6 4. d3 Bg7 5. Be3 d6 6. Qd2 Rb8 7. Bg2 b5 8. Nge2
Nd4 9. O-O b4 10. Nd1 h5 11. Nc1 h4 12. c3 bxc3 13. bxc3 Nc6 14. Bg5 hxg3 15.
hxg3 Qb6 16. Qe2 Nf6 17. Bd2 Ng4 18. Ne3 Nxe3 19. fxe3 Ne5 20. Be1 Qb2 21. Qxb2
Rxb2 22. Rf2 Rb6 23. Rc2 Ba6 24. Rd2 Bh6 25. Bf2 Ng4 26. Re2 O-O 27. Bf1 Rfb8
28. Nb3 Bxd3 29. Ree1 Bxe4 30. Nd2 Bd5 31. Nc4 Bxc4 32. Bxc4 Rb2 33. Be2 Bxe3
34. Bxe3 Nxe3 35. Bd3 Nd5 36. Bc4 Nb6 37. Bb3 c4 38. Bd1 e6 0-1

[Event "31è Open International d'Avoine 2016"]
[Site "Avoine"]
[Date "2016.07.23"]
[Round "5.6"]
[White "Djuric, Stefan"]
[Black "Gvanceladze, Anna"]
[Result "0-1"]
[WhiteElo "2420"]
[BlackElo "2179"]
[PlyCount "170"]
[EventDate "2016.??.??"]

1. Nf3 Nf6 2. c4 c6 3. Nc3 d5 4. e3 e6 5. b3 Nbd7 6. Bb2 Bd6 7. Be2 O-O 8. O-O
Re8 9. Qc2 e5 10. cxd5 Nxd5 11. Ne4 Bc7 12. a3 N7f6 13. Ng3 e4 14. Ng5 Qe7 15.
f4 h6 16. Nh3 Bd7 17. Nf2 Rad8 18. b4 a5 19. bxa5 Bxa5 20. Be5 Bc7 21. Bxc7
Nxc7 22. a4 Bc8 23. a5 Rd5 24. Ra4 Qd8 25. Rd1 Na6 26. Bxa6 bxa6 27. Qc3 Bg4
28. Nxg4 Nxg4 29. Rxe4 Rxe4 30. Nxe4 Rd3 31. Qxc6 Qh4 32. h3 Nxe3 33. Rb1 Nxg2
34. Nf2 Nxf4 35. Rb8+ Kh7 36. Nxd3 Qg3+ 37. Kf1 Nxd3 38. Qe4+ g6 39. Qe3 Qxb8
40. Qxd3 Qf4+ 41. Ke1 Qe5+ 42. Kd1 Qxa5 43. Qd7 Qa1+ 44. Kc2 Qa2+ 45. Kc3 Qe6
46. Qd3 a5 47. Qf1 Qc6+ 48. Kb3 Qd5+ 49. Ka4 Qd4+ 50. Kb5 Kg7 51. Qc1 a4 52.
Kc6 a3 53. Qxa3 Qxd2 54. Qa1+ Kh7 55. Qf6 Qc2+ 56. Kd6 Qf5 57. Qc3 Qe6+ 58. Kc7
Qe7+ 59. Kc6 Qe8+ 60. Kc7 Qh8 61. Qc5 Qf6 62. Qf8 g5 63. Qc5 Kg7 64. Qa3 Qd4
65. Kc6 h5 66. Qg3 Qf4 67. Qg2 g4 68. Kc5 Qe3+ 69. Kd6 Qxh3 70. Qb2+ Kg6 71.
Qc2+ f5 72. Qc4 Qa3+ 73. Kc6 Qa8+ 74. Kd7 Qb7+ 75. Kd6 Qf7 76. Qf4 h4 77. Qa4
h3 78. Qf4 Qf8+ 79. Kd7 Qf6 80. Ke8 Qe6+ 81. Kd8 Qd5+ 82. Kc7 Qe4 83. Qd6+ Kg5
84. Kd8 f4 85. Qc7 Kh4 0-1

[Event "31è Open International d'Avoine 2016"]
[Site "Avoine"]
[Date "2016.07.23"]
[Round "5.7"]
[White "Colin, Vincent"]
[Black "Rubino, William"]
[Result "1-0"]
[WhiteElo "2395"]
[BlackElo "2173"]
[PlyCount "81"]
[EventDate "2016.??.??"]

1. e4 c5 2. Nf3 e6 3. d3 d5 4. Nbd2 Nf6 5. g3 Be7 6. Bg2 O-O 7. e5 Ne8 8. O-O
f5 9. exf6 gxf6 10. c4 Nc6 11. cxd5 exd5 12. Re1 Rf7 13. Nf1 Ng7 14. h3 Be6 15.
Bh6 Qd7 16. Bxg7 Rxg7 17. Qb3 Kh8 18. Re2 Bf8 19. Rae1 Bg8 20. a3 b5 21. d4 c4
22. Qe3 b4 23. Qf4 Qd6 24. Qf5 Ne7 25. Qb1 bxa3 26. bxa3 Qxa3 27. Ne3 Rc8 28.
Nh4 Rc6 29. Nhf5 Nxf5 30. Qxf5 Be6 31. Qxf6 c3 32. Nc2 Be7 33. Rxe6 Bxf6 34.
Nxa3 Rxe6 35. Rxe6 Bxd4 36. Re8+ Rg8 37. Rxg8+ Kxg8 38. Bxd5+ Kf8 39. Nc2 Bc5
40. Kg2 Ke7 41. f4 1-0

[Event "31è Open International d'Avoine 2016"]
[Site "Avoine"]
[Date "2016.07.23"]
[Round "5.8"]
[White "Ronce, Nathan"]
[Black "Godart, Francois"]
[Result "1/2-1/2"]
[WhiteElo "2122"]
[BlackElo "2393"]
[PlyCount "54"]
[EventDate "2016.??.??"]

1. e4 e6 2. d4 d5 3. Bd3 dxe4 4. Bxe4 Nf6 5. Bf3 c5 6. Ne2 Nc6 7. Be3 cxd4 8.
Nxd4 Ne5 9. Nc3 Bb4 10. Ndb5 Nxf3+ 11. Qxf3 a6 12. Rd1 Qa5 13. a3 Qxb5 14. axb4
Qxb4 15. Qg3 O-O 16. O-O Qg4 17. Qc7 b5 18. Rd4 Qg6 19. Rd8 Ne8 20. Bc5 Bb7 21.
Qxb7 Rxd8 22. Bxf8 Kxf8 23. Qxa6 Qxc2 24. Qxb5 Rd2 25. Qb4+ Kg8 26. Qb8 Kf8 27.
Qb4+ Kg8 1/2-1/2

[Event "31è Open International d'Avoine 2016"]
[Site "Avoine"]
[Date "2016.07.23"]
[Round "5.9"]
[White "Haub, Thorsten Michael"]
[Black "Malassagne, Raphael"]
[Result "1-0"]
[WhiteElo "2363"]
[BlackElo "2163"]
[PlyCount "73"]
[EventDate "2016.??.??"]

1. g3 d5 2. Bg2 c6 3. d3 Nf6 4. Nd2 Bf5 5. e4 dxe4 6. dxe4 Bg6 7. Qe2 e6 8.
Ngf3 Be7 9. O-O h6 10. Ne5 Bh7 11. Ndc4 b5 12. Nd2 O-O 13. a4 Qc7 14. Nd3 Nbd7
15. e5 Nd5 16. Re1 N7b6 17. a5 Nc4 18. Nxc4 bxc4 19. Nf4 Nb4 20. Be4 Bxe4 21.
Qxe4 Rab8 22. c3 Nd3 23. Nxd3 cxd3 24. Qxd3 Rb5 25. Qe4 a6 26. Ra4 Rc8 27. Qe2
Rxa5 28. Rg4 Kh8 29. h4 Bf8 30. Re4 Ra1 31. g4 g6 32. Kg2 Qa5 33. Qf3 Kg8 34.
Rd4 Rd8 35. b4 Qc7 36. Rxd8 Qxd8 37. Bg5 1-0

[Event "31è Open International d'Avoine 2016"]
[Site "Avoine"]
[Date "2016.07.23"]
[Round "5.10"]
[White "Bouget, Alexandre"]
[Black "Ollier, Pablo"]
[Result "1/2-1/2"]
[WhiteElo "2196"]
[BlackElo "2362"]
[PlyCount "39"]
[EventDate "2016.??.??"]

1. d4 Nf6 2. c4 e6 3. Nc3 Bb4 4. e3 O-O 5. a3 Bxc3+ 6. bxc3 c5 7. Bd3 Nc6 8.
Ne2 b6 9. e4 Ne8 10. e5 Ba6 11. Qc2 f5 12. g4 Qh4 13. gxf5 cxd4 14. Bf4 dxc3
15. Bg3 Qh6 16. Bf4 Qh4 17. Bg3 Qh6 18. Bf4 Qh4 19. Bg3 Qh6 20. Bf4 1/2-1/2

[Event "31è Open International d'Avoine 2016"]
[Site "Avoine"]
[Date "2016.07.23"]
[Round "5.11"]
[White "Braeuning, Rudolf Wilhelm"]
[Black "Lukasiewicz, Krzysztof"]
[Result "1-0"]
[WhiteElo "2358"]
[BlackElo "2002"]
[PlyCount "121"]
[EventDate "2016.??.??"]

1. c4 e5 2. Nc3 Nc6 3. Nf3 Nf6 4. g3 Bc5 5. Bg2 d6 6. e3 a6 7. d4 exd4 8. Nxd4
Bd7 9. O-O O-O 10. b3 Re8 11. Bb2 Bg4 12. Nxc6 bxc6 13. Qc2 Qd7 14. Na4 Ba7 15.
Bxf6 gxf6 16. c5 dxc5 17. Nxc5 Qe7 18. Rac1 Bxc5 19. Qxc5 Qxc5 20. Rxc5 Rad8
21. h3 Be2 22. Rfc1 Rd2 23. R1c2 Red8 24. Rxc6 Kg7 25. Rxc7 Bd1 26. Rxd2 Rxd2
27. g4 h5 28. gxh5 Bxh5 29. Rc5 Be2 30. Ra5 Rc2 31. Be4 Rd2 32. Kg2 Bb5 33. a4
Be2 34. Bf3 Bxf3+ 35. Kxf3 Rb2 36. Rxa6 Rxb3 37. Rd6 Ra3 38. Rd4 Ra2 39. Rg4+
Kh6 40. Kg2 Rb2 41. Kf1 Ra2 42. Rf4 Kg6 43. Ke1 Rc2 44. Kd1 Rc3 45. Kd2 Rc5 46.
Kd3 Rc1 47. Kd2 Rc5 48. Rb4 Rh5 49. h4 Rf5 50. Rg4+ Kh6 51. Rf4 Rd5+ 52. Kc3
Kg6 53. Kb4 Rd2 54. a5 Rb2+ 55. Ka3 Rb1 56. Ra4 Rb7 57. a6 Ra7 58. Kb4 Kh5 59.
Kb5 f5 60. Kb6 Re7 61. a7 1-0

[Event "31è Open International d'Avoine 2016"]
[Site "Avoine"]
[Date "2016.07.23"]
[Round "5.12"]
[White "Ginovart, Axel"]
[Black "Bujisho, Benjamin"]
[Result "0-1"]
[WhiteElo "2179"]
[BlackElo "2354"]
[PlyCount "92"]
[EventDate "2016.??.??"]

1. e4 c5 2. Nc3 g6 3. d4 Bg7 4. dxc5 Qa5 5. Be3 Bxc3+ 6. bxc3 Qxc3+ 7. Bd2 Qxc5
8. Bd3 Nf6 9. Nf3 d6 10. O-O O-O 11. Rb1 Qc7 12. h3 Nbd7 13. Re1 b6 14. Bh6 Rd8
15. Nd4 Bb7 16. Nb5 Qc8 17. Qd2 Nc5 18. Nc3 Qe6 19. Qe2 Rac8 20. Bd2 Qe5 21. f3
Nxd3 22. Qxd3 Qe6 23. Rec1 Nd7 24. Nb5 Ba6 25. Qa3 Bxb5 26. Rxb5 Rc7 27. Rd5
Rdc8 28. Qb2 Qf6 29. c3 Ne5 30. Qb3 h6 31. Be3 Rxc3 32. Qb2 Rxc1+ 33. Bxc1 Nd7
34. Kh2 Qxb2 35. Bxb2 Rc2 36. Rb5 Nc5 37. a3 Nd3 38. Bd4 Nf4 39. Rb2 Rxb2 40.
Bxb2 h5 41. g4 hxg4 42. fxg4 Nd3 43. Bd4 e5 44. Be3 Nc5 45. Bxc5 dxc5 46. Kg3
g5 0-1

[Event "31è Open International d'Avoine 2016"]
[Site "Avoine"]
[Date "2016.07.23"]
[Round "5.13"]
[White "Stephan, Victor"]
[Black "Kassis, Antoine"]
[Result "1-0"]
[WhiteElo "2353"]
[BlackElo "2148"]
[PlyCount "69"]
[EventDate "2016.??.??"]

1. d4 Nf6 2. c4 Nc6 3. Nc3 e5 4. d5 Ne7 5. e4 Ng6 6. Be3 Bb4 7. f3 Bxc3+ 8.
bxc3 d6 9. Qd2 c6 10. g3 cxd5 11. cxd5 Qa5 12. h4 h6 13. Nh3 Nd7 14. Nf2 Nc5
15. f4 f5 16. h5 Ne7 17. fxe5 Nb3 18. Qb2 Nxa1 19. exd6 Nxd5 20. exd5 O-O 21.
Bg2 f4 22. gxf4 Bf5 23. Qxa1 Rfe8 24. Kd2 Rad8 25. Re1 Rxd6 26. Bd4 Rxe1 27.
Kxe1 Qb5 28. Bxg7 Ra6 29. Be5 Ra4 30. Bf3 Qa6 31. d6 Qb6 32. Qd1 Bd7 33. Qd3
Be8 34. Bd5+ Kf8 35. Qf5+ 1-0